00455nam a22001577a 4500003000500000005001700005008004100022020001800063040000600081082001400087100006700101245005900168260003500227300001600262650001900278CEME20210628202700.0210125b xxu||||| |||| 00| 0 eng d a1-58488-339-1 c. a620.5 NAN aWilson, Mick Kannangara, Kamali Smith, Geoff Simmons, Michelle aNanotechnology basic science and emerging technologies aNEW YORKbCHAPMAN & HALLc2002 aXVIII,271 P aNANOTECHNOLOGY